| 000 | 00772nam a22002175i 4500 | ||
|---|---|---|---|
| 001 | 169978 | ||
| 003 | ES-MaACL | ||
| 005 | 20250521063440.0 | ||
| 008 | 090107q1900 fr |||| | fre d | ||
| 100 | 1 |
_aGluck, Christoph Willibald, _d1714-1787 _9240528 |
|
| 245 | 1 | 0 |
_aAlceste : _bopéra en trois actes / _cGluck ; paroles du Bailli du Rollet. |
| 260 |
_aParis : _bM.-R. Braun, _c[ca. 1900] |
||
| 300 |
_a31 p. ; _c18 cm. |
||
| 490 | 1 | _aLibrairie théâtrale | |
| 650 | 4 |
_aÓperas- _vLibretos. _9137584 |
|
| 700 | 1 |
_aDu Roullet, François-Louis Gand Le Bland (bailli) _9139157 |
|
| 700 | 0 |
_aEurípides. _948332 |
|
| 830 | 1 |
_aLibrairie théâtrale _9188911 |
|
| 852 | 4 |
_aES-MaACL _j2245-F-7 _z- Biblioteca Jacinto Martínez Lacalle |
|
| 999 |
_c169978 _d169978 |
||